Zur Problematik der Unterscheidung zwischen Mord und Totschlag

Guardado en:  
Detalles Bibliográficos
Autor principal: Arvanitis, Christos (Autor)
Tipo de documento: Print Libro
Lenguaje:Alemán
Publicado: 1982
En:Año: 1982
Verificar disponibilidad: HBZ Gateway
Servicio de pedido Subito: Pedir ahora.
Palabras clave:

MARC

LEADER 00000cam a2200000 c 4500
001 1623103908
003 DE-627
005 20220615134733.0
007 tu
008 861210s1982 xx ||||| m 00| ||ger c
015 |a 86,H07,0150  |2 dnb 
016 7 |a 860621979  |2 DE-101 
035 |a (DE-627)1623103908 
035 |a (DE-576)012381551 
035 |a (DE-599)DNB860621979 
035 |a (OCoLC)230827996 
040 |a DE-627  |b ger  |c DE-627  |e rakwb 
041 |a ger 
100 1 |a Arvanitis, Christos  |4 aut 
245 1 0 |a Zur Problematik der Unterscheidung zwischen Mord und Totschlag  |c Christos Arvanitis 
264 1 |c 1982 
300 |a XXII, 131 S. 
336 |a Text  |b txt  |2 rdacontent 
337 |a ohne Hilfsmittel zu benutzen  |b n  |2 rdamedia 
338 |a Band  |b nc  |2 rdacarrier 
502 |a München, Univ., Diss., 1982 
655 7 |a Hochschulschrift  |0 (DE-588)4113937-9  |0 (DE-627)105825778  |0 (DE-576)209480580  |2 gnd-content 
689 0 0 |d s  |0 (DE-588)4040235-6  |0 (DE-627)106224611  |0 (DE-576)209038853  |a Mord  |2 gnd 
689 0 1 |d s  |0 (DE-588)4185772-0  |0 (DE-627)105284718  |0 (DE-576)210034696  |a Totschlag  |2 gnd 
689 0 |5 (DE-627) 
751 |a München  |0 (DE-588)4127793-4  |0 (DE-627)105722073  |0 (DE-576)209596570  |4 uvp 
951 |a BO 
ELC |b 1 
LOK |0 000 xxxxxcx a22 zn 4500 
LOK |0 001 3249142476 
LOK |0 003 DE-627 
LOK |0 004 1623103908 
LOK |0 005 20141212085409 
LOK |0 008 131114||||||||||||||||ger||||||| 
LOK |0 040   |a DE-21-110  |c DE-627  |d DE-21-110 
LOK |0 689   |a s  |a Mordtatbestand 
LOK |0 689   |a s  |a Mordmerkmale 
LOK |0 689   |a s  |a Totschlag 
LOK |0 852   |z Kein Bestand am IfK; Nachweis für KrimDok 
LOK |0 852   |a DE-21-110 
LOK |0 852 1  |m v  |9 00 
LOK |0 935   |a k110 
LOK |0 938   |k v 
LOK |0 939   |a 14-11-13  |b l01 
ORI |a SA-MARC-krimdoka001.raw